[Event "ESTCC 50 2019"]
[Site "Mali Losinj"]
[Date "2019.09.20"]
[Round "3.8"]
[White "Plesec, Damjan"]
[Black "Spacek, Petr"]
[Result "1/2-1/2"]
[WhiteElo "2216"]
[BlackElo "2352"]
[Annotator "NA"]
[PlyCount "90"]
[EventDate "2019.09.18"]
[EventType "team-tourn"]
[EventCountry "CRO"]
[SourceTitle "playchess.com"]
[Source "ChessBase"]
[SourceQuality "1"]
[WhiteTeam "Slovenia"]
[BlackTeam "Czech Republic"]
[WhiteTeamCountry "SLO"]
[BlackTeamCountry "CZE"]
[TimeControl "40/5400+30:1800+30"]

1. Nf3 {[%emt 0:01:30]} Nf6 {[%emt 0:00:30]} 2. c4 {[%emt 0:00:30]} e6 {[%emt 0:03:30]} 3. Nc3 {[%emt 0:00:30]} d5 {[%emt 0:00:00]} 4. d4 {[%emt 0:00:30]} Be7 {[%emt 0:01:00]} 5. Bg5 {[%emt 0:01:30]} Nbd7 {[%emt 0:02:30]} 6. e3 {[%emt 0:00:30]} h6 {[%emt 0:00:30]} 7. Bh4 {[%emt 0:00:30]} Ne4 {[%emt 0:01:30]} 8. Bxe7 {[%emt 0:03:30]} Qxe7 {[%emt 0:00:30]} 9. cxd5 {[%emt 0:04:30]} Nxc3 {[%emt 0:02:30]} 10. bxc3 {[%emt 0:00:30]} exd5 {[%emt 0:00:30]} 11. Qb3 {[%emt 0:09:30]} c6 {[%emt 0:01:30]} 12. a4 {[%emt 0:09:30]} O-O {[%emt 0:04:30]} 13. Bd3 {[%emt 0:06:30]} b6 {[%emt 0:06:30]} 14. O-O {[%emt 0:02:30]} Bb7 {[%emt 0:07:30]} 15. c4 {[%emt 0:06:30]} dxc4 {[%emt 0:18:30]} 16. Bxc4 {[%emt 0:03:30]} a6 {[%emt 0:05:30]} 17. Rfe1 {[%emt 0:12:30]} b5 {[%emt 0:02:30]} 18. axb5 {[%emt 0:09:30]} cxb5 {[%emt 0:01:30]} 19. Bd5 {[%emt 0:00:30]} Nf6 {[%emt 0:01:30]} 20. Bxb7 {[%emt 0:00:30]} Qxb7 {[%emt 0:00:30]} 21. Ne5 {[%emt 0:02:30]} a5 {[%emt 0:07:30]} 22. Nd3 {[%emt 0:00:30]} Qd5 {[%emt 0:02:30]} 23. Nc5 {[%emt 0:06:02]} Rfb8 {[%emt 0:06:30]} 24. Reb1 {[%emt 0:01:44]} Qxb3 {[%emt 0:03:53]} 25. Nxb3 {[%emt 0:00:31]} a4 {[%emt 0:00:27]} 26. Nc5 {[%emt 0:00:03]} Nd5 {[%emt 0:00:28]} 27. Ra3 {[%emt 0:01:22]} f5 {[%emt 0:01:51]} 28. Kf1 {[%emt 0:00:49]} Nc7 {[%emt 0:04:39]} 29. Ke2 {[%emt 0:03:22]} Rd8 {[%emt 0:00:59]} 30. Nd3 {[%emt 0:01:55]} Rac8 {[%emt 0:03:15]} 31. Kd2 {[%emt 0:01:59]} Rd7 {[%emt 0:01:39]} 32. Rc3 {[%emt 0:03:02]} Ra8 {[%emt 0:01:19]} 33. Ra3 {[%emt 0:00:23]} Re8 {[%emt 0:00:59]} 34. h4 {[%emt 0:03:17]} g5 {[%emt 0:00:38]} 35. hxg5 {[%emt 0:00:15]} hxg5 {[%emt 0:00:01]} 36. g3 {[%emt 0:00:14]} Kg7 {[%emt 0:00:15]} 37. Nb4 {[%emt 0:02:18]} f4 {[%emt 0:03:03]} 38. gxf4 {[%emt 0:00:06]} gxf4 {[%emt 0:00:00]} 39. Rg1+ {[%emt 0:00:42]} Kf6 {[%emt 0:00:36]} 40. Rc3 {[%emt 0:01:45]} Nd5 {[%emt 0:02:01]} 41. Rc6+ {[%emt 0:31:48]} Re6 {[%emt 0:30:54]} 42. Nxd5+ {[%emt 0:00:22]} Rxd5 {[%emt 0:00:00]} 43. Rxe6+ {[%emt 0:00:00]} Kxe6 {[%emt 0:00:00]} 44. Kd3 {[%emt 0:00:00]} fxe3 {[%emt 0:00:00]} 45. fxe3 {[%emt 0:00:00]} Rh5 {[%emt 0:00:00]} 1/2-1/2

[Event "ESTCC 50 2019"]
[Site "Mali Losinj"]
[Date "2019.09.20"]
[Round "3.9"]
[White "Sulc, Damir"]
[Black "Ponce Navalon, Jose"]
[Result "0-1"]
[WhiteElo "2207"]
[BlackElo "2024"]
[Annotator "NA"]
[PlyCount "76"]
[EventDate "2019.09.18"]
[EventType "team-tourn"]
[EventCountry "CRO"]
[SourceTitle "playchess.com"]
[Source "ChessBase"]
[SourceQuality "1"]
[WhiteTeam "Croatia"]
[BlackTeam "Spain"]
[WhiteTeamCountry "CRO"]
[BlackTeamCountry "ESP"]
[TimeControl "40/5400+30:1800+30"]

1. e4 {[%emt 0:00:30]} e5 {[%emt 0:00:30]} 2. Nf3 {[%emt 0:00:00]} Nc6 {[%emt 0:00:00]} 3. Bb5 {[%emt 0:00:00]} a6 {[%emt 0:00:00]} 4. Ba4 {[%emt 0:00:30]} Nf6 {[%emt 0:00:30]} 5. O-O {[%emt 0:00:30]} Nxe4 {[%emt 0:00:30]} 6. d4 {[%emt 0:02:30]} b5 {[%emt 0:00:00]} 7. Bb3 {[%emt 0:00:30]} d5 {[%emt 0:00:00]} 8. dxe5 {[%emt 0:00:00]} Be6 {[%emt 0:00:30]} 9. c3 {[%emt 0:02:00]} Bc5 {[%emt 0:01:30]} 10. Nbd2 {[%emt 0:03:30]} Bf5 {[%emt 0:11:30]} 11. Bc2 {[%emt 0:07:30]} Bg6 {[%emt 0:01:30]} 12. Nb3 {[%emt 0:02:30]} Bb6 {[%emt 0:00:30]} 13. Nbd4 {[%emt 0:00:00]} Qd7 {[%emt 0:08:30]} 14. a4 {[%emt 0:06:00]} O-O {[%emt 0:01:30]} 15. axb5 {[%emt 0:23:30]} Nxd4 {[%emt 0:06:30]} 16. Nxd4 {[%emt 0:03:30]} axb5 {[%emt 0:00:30]} 17. Rxa8 {[%emt 0:00:30]} Rxa8 {[%emt 0:00:00]} 18. f3 {[%emt 0:00:30]} Nc5 {[%emt 0:03:00]} 19. Be3 {[%emt 0:01:30]} Re8 {[%emt 0:07:30]} 20. b4 {[%emt 0:02:30]} Na4 {[%emt 0:01:30]} 21. Bxa4 {[%emt 0:07:30]} bxa4 {[%emt 0:00:30]} 22. f4 {[%emt 0:00:00]} Be4 {[%emt 0:07:30]} 23. Qe2 {[%emt 0:00:00]} a3 {[%emt 0:10:30]} 24. Ra1 {[%emt 0:03:30]} Ra8 {[%emt 0:03:30]} 25. h3 {[%emt 0:08:30]} Qa4 {[%emt 0:12:30]} 26. Qg4 {[%emt 0:04:30]} Qe8 {[%emt 0:08:52]} 27. Qe2 {[%emt 0:01:30]} f6 {[%emt 0:00:35]} 28. exf6 {[%emt 0:04:37]} gxf6 {[%emt 0:00:02]} 29. c4 {[%emt 0:00:22]} dxc4 {[%emt 0:01:32]} 30. Qxc4+ {[%emt 0:02:06]} Qf7 {[%emt 0:00:17]} 31. Qc3 {[%emt 0:01:20]} Qd5 {[%emt 0:00:49]} 32. Kh2 {[%emt 0:03:36]} a2 {[%emt 0:00:52]} 33. Ne2 {[%emt 0:02:17]} Bxe3 {[%emt 0:05:05]} 34. Qxe3 {[%emt 0:00:06]} Qd3 {[%emt 0:00:08]} 35. Qf2 {[%emt 0:03:24]} Qd2 {[%emt 0:04:16]} 36. Qg3+ {[%emt 0:00:13]} Kh8 {[%emt 0:01:02]} 37. Nc3 {[%emt 0:04:08]} Bb7 {[%emt 0:00:33]} 38. Rd1 {[%emt 0:01:48]} Qxd1 {[%emt 0:00:16]} 0-1

[Event "ESTCC 50 2019"]
[Site "Mali Losinj"]
[Date "2019.09.20"]
[Round "3.10"]
[White "Pastor Alonso De Prado, Alberto"]
[Black "Dusper, Hrvoje"]
[Result "1-0"]
[WhiteElo "2010"]
[BlackElo "2221"]
[Annotator "NA"]
[PlyCount "71"]
[EventDate "2019.09.18"]
[EventType "team-tourn"]
[EventCountry "CRO"]
[SourceTitle "playchess.com"]
[Source "ChessBase"]
[SourceQuality "1"]
[WhiteTeam "Spain"]
[BlackTeam "Croatia"]
[WhiteTeamCountry "ESP"]
[BlackTeamCountry "CRO"]
[TimeControl "40/5400+30:1800+30"]

1. e4 {[%emt 0:00:30]} d5 {[%emt 0:00:30]} 2. exd5 {[%emt 0:00:00]} Nf6 {[%emt 0:00:30]} 3. Nf3 {[%emt 0:00:00]} Bg4 {[%emt 0:01:30]} 4. h3 {[%emt 0:00:30]} Bh5 {[%emt 0:02:30]} 5. d4 {[%emt 0:06:30]} Qxd5 {[%emt 0:12:30]} 6. Nc3 {[%emt 0:00:30]} Qa5 {[%emt 0:06:30]} 7. g4 {[%emt 0:00:30]} Bg6 {[%emt 0:00:30]} 8. Ne5 {[%emt 0:01:30]} c6 {[%emt 0:02:30]} 9. h4 {[%emt 0:03:30]} Be4 {[%emt 0:09:30]} 10. Nc4 {[%emt 0:00:30]} Qc7 {[%emt 0:04:30]} 11. Nxe4 {[%emt 0:00:30]} Nxe4 {[%emt 0:00:00]} 12. Qf3 {[%emt 0:00:00]} Nd6 {[%emt 0:04:00]} 13. Bf4 {[%emt 0:00:00]} Nd7 {[%emt 0:01:30]} 14. O-O-O {[%emt 0:02:30]} Nf6 {[%emt 0:04:30]} 15. g5 {[%emt 0:20:30]} Nd5 {[%emt 0:00:30]} 16. Bd2 {[%emt 0:01:30]} Nxc4 {[%emt 0:01:30]} 17. Bxc4 {[%emt 0:00:30]} e6 {[%emt 0:00:30]} 18. h5 {[%emt 0:00:30]} O-O-O {[%emt 0:01:30]} 19. Kb1 {[%emt 0:05:30]} c5 {[%emt 0:13:30]} 20. dxc5 {[%emt 0:02:30]} Bxc5 {[%emt 0:01:30]} 21. Bc1 {[%emt 0:12:30]} Nb6 {[%emt 0:12:07]} 22. Bb3 {[%emt 0:00:30]} Rxd1 {[%emt 0:07:49]} 23. Rxd1 {[%emt 0:00:00]} Re8 {[%emt 0:00:19]} 24. a4 {[%emt 0:03:00]} a5 {[%emt 0:02:22]} 25. Qc3 {[%emt 0:04:30]} g6 {[%emt 0:03:30]} 26. h6 {[%emt 0:01:30]} Bxf2 {[%emt 0:03:38]} 27. Qxc7+ {[%emt 0:00:30]} Kxc7 {[%emt 0:00:15]} 28. Rf1 {[%emt 0:00:30]} Bc5 {[%emt 0:01:54]} 29. Rxf7+ {[%emt 0:00:00]} Re7 {[%emt 0:00:09]} 30. Bxe6 {[%emt 0:00:00]} Nd7 {[%emt 0:01:12]} 31. Bf4+ {[%emt 0:02:30]} Kd8 {[%emt 0:00:53]} 32. Rxe7 {[%emt 0:03:30]} Bxe7 {[%emt 0:00:17]} 33. Bg8 {[%emt 0:00:00]} Nf8 {[%emt 0:00:10]} 34. Ka2 {[%emt 0:01:00]} Kd7 {[%emt 0:00:24]} 35. Bd2 {[%emt 0:01:30]} Ne6 {[%emt 0:00:31]} 36. Bxh7 {[%emt 0:00:00]} 1-0

[Event "ESTCC 50 2019"]
[Site "Mali Losinj"]
[Date "2019.09.20"]
[Round "3.12"]
[White "Rodriguez Bernal, Herman"]
[Black "Tirkajla, Boris"]
[Result "0-1"]
[WhiteElo "1735"]
[BlackElo "2060"]
[Annotator "NA"]
[PlyCount "80"]
[EventDate "2019.09.18"]
[EventType "team-tourn"]
[EventCountry "CRO"]
[SourceTitle "playchess.com"]
[Source "ChessBase"]
[SourceQuality "1"]
[WhiteTeam "Spain"]
[BlackTeam "Croatia"]
[WhiteTeamCountry "ESP"]
[BlackTeamCountry "CRO"]
[TimeControl "40/5400+30:1800+30"]

1. d4 {[%emt 0:00:30]} f5 {[%emt 0:00:30]} 2. c4 {[%emt 0:03:30]} Nf6 {[%emt 0:01:30]} 3. Nc3 {[%emt 0:02:30]} g6 {[%emt 0:00:30]} 4. Bf4 {[%emt 0:02:30]} Bg7 {[%emt 0:01:30]} 5. Nf3 {[%emt 0:02:30]} O-O {[%emt 0:00:30]} 6. e3 {[%emt 0:07:30]} d6 {[%emt 0:01:30]} 7. Bd3 {[%emt 0:09:30]} e6 {[%emt 0:08:30]} 8. Qc2 {[%emt 0:01:30]} Nc6 {[%emt 0:00:30]} 9. a3 {[%emt 0:00:30]} Qe7 {[%emt 0:01:30]} 10. Bg5 {[%emt 0:02:30]} h6 {[%emt 0:04:30]} 11. Bxf6 {[%emt 0:00:30]} Qxf6 {[%emt 0:00:30]} 12. O-O-O {[%emt 0:05:30]} Qf7 {[%emt 0:08:30]} 13. Nd2 {[%emt 0:07:30]} Ne7 {[%emt 0:06:30]} 14. f4 {[%emt 0:13:30]} Bd7 {[%emt 0:10:30]} 15. Rhg1 {[%emt 0:00:30]} a6 {[%emt 0:06:30]} 16. g4 {[%emt 0:01:30]} Rab8 {[%emt 0:02:30]} 17. h4 {[%emt 0:11:30]} Kh8 {[%emt 0:04:30]} 18. Nf3 {[%emt 0:01:30]} fxg4 {[%emt 0:09:30]} 19. Rxg4 {[%emt 0:03:30]} e5 {[%emt 0:02:30]} 20. Rxg6 {[%emt 0:01:30]} Nxg6 {[%emt 0:02:30]} 21. Bxg6 {[%emt 0:00:30]} Bf5 {[%emt 0:00:30]} 22. Bxf5 {[%emt 0:03:59]} Qxf5 {[%emt 0:00:30]} 23. Qh2 {[%emt 0:01:06]} exf4 {[%emt 0:02:30]} 24. e4 {[%emt 0:00:14]} Qh5 {[%emt 0:03:30]} 25. Qf2 {[%emt 0:00:19]} b5 {[%emt 0:03:47]} 26. cxb5 {[%emt 0:01:01]} axb5 {[%emt 0:00:06]} 27. Nd5 {[%emt 0:00:24]} Qe8 {[%emt 0:03:40]} 28. Nd2 {[%emt 0:04:56]} c5 {[%emt 0:02:44]} 29. dxc5 {[%emt 0:01:54]} Rc8 {[%emt 0:02:00]} 30. Rg1 {[%emt 0:01:05]} Rxc5+ {[%emt 0:00:31]} 31. Kb1 {[%emt 0:00:01]} Qe5 {[%emt 0:00:35]} 32. Rxg7 {[%emt 0:02:24]} Kxg7 {[%emt 0:02:44]} 33. Qg2+ {[%emt 0:00:12]} Kh7 {[%emt 0:00:49]} 34. Qg4 {[%emt 0:00:21]} Rf7 {[%emt 0:03:59]} 35. Nb4 {[%emt 0:03:45]} Rg7 {[%emt 0:02:04]} 36. Qh3 {[%emt 0:01:00]} Qd4 {[%emt 0:00:30]} 37. Nb3 {[%emt 0:00:35]} Qxe4+ {[%emt 0:00:33]} 38. Ka2 {[%emt 0:02:15]} Re5 {[%emt 0:00:26]} 39. Nd2 {[%emt 0:01:20]} Qe3 {[%emt 0:00:29]} 40. Qh2 {[%emt 0:00:34]} f3 {[%emt 0:00:22]} 0-1

[Event "ESTCC 50 2019"]
[Site "Mali Losinj"]
[Date "2019.09.20"]
[Round "3.13"]
[White "Ledger, Andrew J"]
[Black "Druckenthaner, Andreas"]
[Result "0-1"]
[WhiteElo "2343"]
[BlackElo "2283"]
[Annotator "NA"]
[PlyCount "88"]
[EventDate "2019.09.18"]
[EventType "team-tourn"]
[EventCountry "CRO"]
[SourceTitle "playchess.com"]
[Source "ChessBase"]
[SourceQuality "1"]
[WhiteTeam "England"]
[BlackTeam "Austria"]
[WhiteTeamCountry "ENG"]
[BlackTeamCountry "AUT"]
[TimeControl "40/5400+30:1800+30"]

1. d4 {[%emt 0:00:30]} d6 {[%emt 0:00:30]} 2. c4 {[%emt 0:01:30]} g6 {[%emt 0:00:30]} 3. Nc3 {[%emt 0:00:30]} Bg7 {[%emt 0:00:30]} 4. e4 {[%emt 0:01:30]} e5 {[%emt 0:00:30]} 5. d5 {[%emt 0:05:30]} Nh6 {[%emt 0:02:30]} 6. h4 {[%emt 0:06:30]} c5 {[%emt 0:15:30]} 7. Bd3 {[%emt 0:05:30]} Qe7 {[%emt 0:09:30]} 8. Nge2 {[%emt 0:11:30]} Na6 {[%emt 0:07:30]} 9. Ng3 {[%emt 0:05:30]} Bd7 {[%emt 0:06:30]} 10. a3 {[%emt 0:02:30]} f6 {[%emt 0:06:30]} 11. Bc2 {[%emt 0:02:30]} Nf7 {[%emt 0:04:30]} 12. h5 {[%emt 0:03:30]} Bh6 {[%emt 0:01:30]} 13. Bxh6 {[%emt 0:00:30]} Nxh6 {[%emt 0:00:30]} 14. Ba4 {[%emt 0:01:30]} O-O-O {[%emt 0:03:30]} 15. Bxd7+ {[%emt 0:03:30]} Qxd7 {[%emt 0:02:30]} 16. Qd2 {[%emt 0:06:30]} Nf7 {[%emt 0:03:30]} 17. Nb5 {[%emt 0:06:30]} Kb8 {[%emt 0:02:30]} 18. Qa5 {[%emt 0:02:30]} Rc8 {[%emt 0:03:30]} 19. O-O-O {[%emt 0:04:30]} f5 {[%emt 0:01:30]} 20. Rd3 {[%emt 0:03:30]} f4 {[%emt 0:01:30]} 21. Ne2 {[%emt 0:03:30]} Qd8 {[%emt 0:05:30]} 22. Qa4 {[%emt 0:01:30]} Qg5 {[%emt 0:00:35]} 23. f3 {[%emt 0:04:00]} Qxg2 {[%emt 0:01:32]} 24. Re1 {[%emt 0:00:48]} Qf2 {[%emt 0:01:31]} 25. Kd1 {[%emt 0:02:07]} Ng5 {[%emt 0:04:33]} 26. Ng1 {[%emt 0:03:55]} Rhd8 {[%emt 0:02:11]} 27. Rb3 {[%emt 0:00:20]} Rc7 {[%emt 0:03:32]} 28. Nxc7 {[%emt 0:01:34]} Nxc7 {[%emt 0:00:05]} 29. Rc3 {[%emt 0:03:50]} gxh5 {[%emt 0:02:08]} 30. Qc2 {[%emt 0:00:35]} Qg3 {[%emt 0:01:02]} 31. b4 {[%emt 0:02:33]} h4 {[%emt 0:01:37]} 32. bxc5 {[%emt 0:00:03]} dxc5 {[%emt 0:00:03]} 33. Rb3 {[%emt 0:00:47]} h3 {[%emt 0:00:41]} 34. Ne2 {[%emt 0:00:44]} Qf2 {[%emt 0:01:42]} 35. Qb2 {[%emt 0:01:28]} Nxf3 {[%emt 0:00:48]} 36. Rxf3 {[%emt 0:01:39]} Qxf3 {[%emt 0:00:13]} 37. Qxe5 {[%emt 0:00:03]} h2 {[%emt 0:02:17]} 38. Qe7 {[%emt 0:00:27]} Re8 {[%emt 0:00:38]} 39. Qxh7 {[%emt 0:00:21]} Qd3+ {[%emt 0:01:15]} 40. Kc1 {[%emt 0:00:03]} Qxe4 {[%emt 0:01:03]} 41. Qxh2 {[%emt 0:30:51]} Qxc4+ {[%emt 0:30:33]} 42. Kb2 {[%emt 0:00:00]} f3 {[%emt 0:00:00]} 43. d6 {[%emt 0:00:00]} Rxe2+ {[%emt 0:00:00]} 44. Rxe2 {[%emt 0:00:00]} Qxe2+ {[%emt 0:00:00]} 0-1

[Event "ESTCC 50 2019"]
[Site "Mali Losinj"]
[Date "2019.09.20"]
[Round "3.14"]
[White "Opl, Klaus"]
[Black "Lewis, Andrew P"]
[Result "1-0"]
[WhiteElo "2207"]
[BlackElo "2294"]
[Annotator "NA"]
[PlyCount "63"]
[EventDate "2019.09.18"]
[EventType "team-tourn"]
[EventCountry "CRO"]
[SourceTitle "playchess.com"]
[Source "ChessBase"]
[SourceQuality "1"]
[WhiteTeam "Austria"]
[BlackTeam "England"]
[WhiteTeamCountry "AUT"]
[BlackTeamCountry "ENG"]
[TimeControl "40/5400+30:1800+30"]

1. e4 {[%emt 0:00:30]} c5 {[%emt 0:00:30]} 2. Nf3 {[%emt 0:00:00]} Nc6 {[%emt 0:00:00]} 3. d4 {[%emt 0:00:00]} cxd4 {[%emt 0:00:00]} 4. Nxd4 {[%emt 0:00:30]} e6 {[%emt 0:00:30]} 5. Nc3 {[%emt 0:00:00]} Qc7 {[%emt 0:00:30]} 6. Be3 {[%emt 0:00:00]} a6 {[%emt 0:00:00]} 7. Bd3 {[%emt 0:00:30]} Nf6 {[%emt 0:03:00]} 8. O-O {[%emt 0:01:30]} Ne5 {[%emt 0:06:30]} 9. h3 {[%emt 0:00:30]} Bc5 {[%emt 0:03:30]} 10. Qe2 {[%emt 0:00:30]} d6 {[%emt 0:03:30]} 11. f4 {[%emt 0:04:30]} Ng6 {[%emt 0:07:30]} 12. Kh1 {[%emt 0:03:30]} O-O {[%emt 0:03:30]} 13. Rae1 {[%emt 0:06:30]} Bd7 {[%emt 0:06:30]} 14. Bg1 {[%emt 0:04:30]} Qb6 {[%emt 0:16:30]} 15. e5 {[%emt 0:04:30]} Ne8 {[%emt 0:01:30]} 16. Rd1 {[%emt 0:10:30]} Qxb2 {[%emt 0:09:30]} 17. Rf3 {[%emt 0:05:30]} Nh4 {[%emt 0:19:56]} 18. Rg3 {[%emt 0:02:30]} g6 {[%emt 0:00:12]} 19. Be4 {[%emt 0:05:30]} Ng7 {[%emt 0:02:27]} 20. Rb1 {[%emt 0:03:30]} Qa3 {[%emt 0:01:00]} 21. Rd3 {[%emt 0:06:30]} Qa5 {[%emt 0:11:25]} 22. exd6 {[%emt 0:02:30]} Bxd4 {[%emt 0:00:59]} 23. Bxd4 {[%emt 0:00:30]} Nhf5 {[%emt 0:00:54]} 24. Bb6 {[%emt 0:04:30]} Qa3 {[%emt 0:00:43]} 25. Qe1 {[%emt 0:00:30]} Ba4 {[%emt 0:00:53]} 26. Nxa4 {[%emt 0:05:30]} Qxa4 {[%emt 0:00:13]} 27. d7 {[%emt 0:00:00]} Rad8 {[%emt 0:01:14]} 28. Qb4 {[%emt 0:05:00]} Qxc2 {[%emt 0:00:27]} 29. Rc3 {[%emt 0:04:30]} Qe2 {[%emt 0:00:28]} 30. Bxd8 {[%emt 0:00:30]} Rxd8 {[%emt 0:00:03]} 31. Bxf5 {[%emt 0:00:30]} Nxf5 {[%emt 0:00:30]} 32. Rc8 {[%emt 0:00:30]} 1-0

[Event "ESTCC 50 2019"]
[Site "Mali Losinj"]
[Date "2019.09.20"]
[Round "3.15"]
[White "Ledger, Dave J"]
[Black "Watzka, Horst"]
[Result "1/2-1/2"]
[WhiteElo "2134"]
[BlackElo "2187"]
[Annotator "NA"]
[PlyCount "66"]
[EventDate "2019.09.18"]
[EventType "team-tourn"]
[EventCountry "CRO"]
[SourceTitle "playchess.com"]
[Source "ChessBase"]
[SourceQuality "1"]
[WhiteTeam "England"]
[BlackTeam "Austria"]
[WhiteTeamCountry "ENG"]
[BlackTeamCountry "AUT"]
[TimeControl "40/5400+30:1800+30"]

1. e4 {[%emt 0:00:30]} e5 {[%emt 0:00:30]} 2. Nf3 {[%emt 0:00:00]} Nc6 {[%emt 0:00:00]} 3. Bb5 {[%emt 0:00:00]} a6 {[%emt 0:02:00]} 4. Ba4 {[%emt 0:00:30]} Nf6 {[%emt 0:03:30]} 5. O-O {[%emt 0:00:30]} Be7 {[%emt 0:01:30]} 6. Re1 {[%emt 0:00:30]} b5 {[%emt 0:01:30]} 7. Bb3 {[%emt 0:00:30]} d6 {[%emt 0:01:30]} 8. c3 {[%emt 0:03:30]} O-O {[%emt 0:01:30]} 9. h3 {[%emt 0:00:00]} h6 {[%emt 0:05:30]} 10. d4 {[%emt 0:02:00]} Re8 {[%emt 0:00:30]} 11. Nbd2 {[%emt 0:01:30]} Bf8 {[%emt 0:00:30]} 12. a3 {[%emt 0:03:30]} Bb7 {[%emt 0:03:30]} 13. d5 {[%emt 0:03:30]} Ne7 {[%emt 0:01:30]} 14. Nf1 {[%emt 0:08:30]} c6 {[%emt 0:02:30]} 15. dxc6 {[%emt 0:01:30]} Bxc6 {[%emt 0:00:30]} 16. Ng3 {[%emt 0:04:30]} Ng6 {[%emt 0:05:30]} 17. Qc2 {[%emt 0:10:30]} Qc7 {[%emt 0:02:30]} 18. a4 {[%emt 0:09:30]} Qb7 {[%emt 0:03:30]} 19. axb5 {[%emt 0:02:30]} axb5 {[%emt 0:02:30]} 20. Rxa8 {[%emt 0:01:30]} Rxa8 {[%emt 0:00:30]} 21. h4 {[%emt 0:06:30]} Re8 {[%emt 0:01:30]} 22. h5 {[%emt 0:03:30]} Nf4 {[%emt 0:00:30]} 23. Nh4 {[%emt 0:01:30]} N4xh5 {[%emt 0:02:30]} 24. Nxh5 {[%emt 0:00:30]} Nxh5 {[%emt 0:00:30]} 25. Ng6 {[%emt 0:05:30]} Nf6 {[%emt 0:00:30]} 26. f3 {[%emt 0:01:30]} Kh7 {[%emt 0:07:30]} 27. Nxf8+ {[%emt 0:00:30]} Rxf8 {[%emt 0:00:00]} 28. Be3 {[%emt 0:00:30]} Kg8 {[%emt 0:00:00]} 29. Qf2 {[%emt 0:05:30]} Qe7 {[%emt 0:06:30]} 30. Ra1 {[%emt 0:02:30]} Ra8 {[%emt 0:00:30]} 31. Rxa8+ {[%emt 0:01:30]} Bxa8 {[%emt 0:00:30]} 32. Qf1 {[%emt 0:00:00]} Bc6 {[%emt 0:00:30]} 33. Qa1 {[%emt 0:01:00]} Qb7 {[%emt 0:04:30]} 1/2-1/2

[Event "ESTCC 50 2019"]
[Site "Mali Losinj"]
[Date "2019.09.20"]
[Round "3.16"]
[White "Ernst, Michael"]
[Black "Nelson, Jonathan P"]
[Result "1/2-1/2"]
[WhiteElo "2199"]
[BlackElo "2183"]
[Annotator "NA"]
[PlyCount "34"]
[EventDate "2019.09.18"]
[EventType "team-tourn"]
[EventCountry "CRO"]
[SourceTitle "playchess.com"]
[Source "ChessBase"]
[SourceQuality "1"]
[WhiteTeam "Austria"]
[BlackTeam "England"]
[WhiteTeamCountry "AUT"]
[BlackTeamCountry "ENG"]
[TimeControl "40/5400+30:1800+30"]

1. d4 {[%emt 0:00:30]} Nf6 {[%emt 0:00:30]} 2. Bf4 {[%emt 0:00:00]} g6 {[%emt 0:00:30]} 3. Nf3 {[%emt 0:00:00]} Bg7 {[%emt 0:00:30]} 4. h3 {[%emt 0:00:00]} O-O {[%emt 0:00:30]} 5. e3 {[%emt 0:00:00]} d6 {[%emt 0:01:30]} 6. Be2 {[%emt 0:00:30]} Nfd7 {[%emt 0:02:30]} 7. O-O {[%emt 0:05:30]} e5 {[%emt 0:00:30]} 8. Bh2 {[%emt 0:00:30]} Nc6 {[%emt 0:01:30]} 9. c4 {[%emt 0:00:30]} h6 {[%emt 0:03:30]} 10. Nc3 {[%emt 0:01:30]} f5 {[%emt 0:00:30]} 11. dxe5 {[%emt 0:02:30]} dxe5 {[%emt 0:06:30]} 12. Qd5+ {[%emt 0:00:30]} Kh7 {[%emt 0:02:30]} 13. Rfd1 {[%emt 0:01:30]} Qe7 {[%emt 0:19:30]} 14. Qd2 {[%emt 0:05:30]} Qf7 {[%emt 0:00:30]} 15. Qd5 {[%emt 0:02:30]} Qe7 {[%emt 0:02:30]} 16. Qd2 {[%emt 0:04:30]} Qf7 {[%emt 0:00:30]} 17. Qd5 {[%emt 0:04:30]} Qe7 {[%emt 0:00:30]} 1/2-1/2

[Event "ESTCC 50 2019"]
[Site "Mali Losinj"]
[Date "2019.09.20"]
[Round "3.17"]
[White "Jackson, Sheila"]
[Black "Krebs, Johann"]
[Result "0-1"]
[WhiteElo "2046"]
[BlackElo "2226"]
[Annotator "NA"]
[PlyCount "62"]
[EventDate "2019.09.18"]
[EventType "team-tourn"]
[EventCountry "CRO"]
[SourceTitle "playchess.com"]
[Source "ChessBase"]
[SourceQuality "1"]
[WhiteTeam "England"]
[BlackTeam "Austria"]
[WhiteTeamCountry "ENG"]
[BlackTeamCountry "AUT"]
[TimeControl "40/5400+30:1800+30"]

1. e4 {[%emt 0:00:30]} c6 {[%emt 0:00:30]} 2. d4 {[%emt 0:00:00]} d5 {[%emt 0:00:00]} 3. exd5 {[%emt 0:00:00]} cxd5 {[%emt 0:00:00]} 4. c4 {[%emt 0:00:00]} Nf6 {[%emt 0:00:30]} 5. Nc3 {[%emt 0:00:00]} Nc6 {[%emt 0:01:30]} 6. Nf3 {[%emt 0:00:30]} g6 {[%emt 0:00:30]} 7. cxd5 {[%emt 0:02:30]} Nxd5 {[%emt 0:00:30]} 8. Qb3 {[%emt 0:00:30]} Nxc3 {[%emt 0:01:30]} 9. bxc3 {[%emt 0:00:30]} Bg7 {[%emt 0:02:30]} 10. Be2 {[%emt 0:10:30]} O-O {[%emt 0:02:30]} 11. Ba3 {[%emt 0:06:30]} Qc7 {[%emt 0:08:30]} 12. O-O {[%emt 0:02:30]} Be6 {[%emt 0:02:30]} 13. Qb5 {[%emt 0:13:30]} Rfd8 {[%emt 0:11:30]} 14. Rfd1 {[%emt 0:06:30]} Bd5 {[%emt 0:10:30]} 15. Rab1 {[%emt 0:07:30]} Rac8 {[%emt 0:14:30]} 16. Rd2 {[%emt 0:05:30]} b6 {[%emt 0:04:30]} 17. Qa4 {[%emt 0:14:30]} Na5 {[%emt 0:09:30]} 18. Ba6 {[%emt 0:08:02]} Nc4 {[%emt 0:05:30]} 19. Bxc4 {[%emt 0:01:38]} Bxc4 {[%emt 0:01:30]} 20. Re1 {[%emt 0:00:31]} e6 {[%emt 0:00:30]} 21. Bb2 {[%emt 0:02:34]} Rd5 {[%emt 0:03:32]} 22. a3 {[%emt 0:01:39]} Rb5 {[%emt 0:02:09]} 23. Qc2 {[%emt 0:01:59]} Bh6 {[%emt 0:00:44]} 24. Re3 {[%emt 0:04:23]} Bd5 {[%emt 0:02:33]} 25. Rdd3 {[%emt 0:02:05]} Bb3 {[%emt 0:04:09]} 26. Qc1 {[%emt 0:02:15]} Bc4 {[%emt 0:00:27]} 27. Rd1 {[%emt 0:01:07]} Be2 {[%emt 0:00:49]} 28. Re1 {[%emt 0:02:34]} Bxf3 {[%emt 0:00:27]} 29. gxf3 {[%emt 0:00:06]} Rh5 {[%emt 0:00:43]} 30. Kf1 {[%emt 0:00:36]} Rxh2 {[%emt 0:00:42]} 31. Ke2 {[%emt 0:00:30]} Qc4+ {[%emt 0:00:23]} 0-1